Statistics for Biggest Cities by Peninsula #2

Click here to take the quiz!

General Stats

  • This quiz has been taken 44 times
  • The average score is 10 of 30

Answer Stats

Peninsula Population City % Correct
San Francisco871,000San Francisco
83%
Yucatán723,000Cancún
75%
Horn of Africa1,650,000Mogadishu
75%
Baja California1,386,000*Tijuana
73%
Horn of Africa3,273,000*Addis Ababa
68%
Crimea383,000Sevastopol
55%
Jutland269,000Aarhus
50%
Brittany139,000Brest
45%
Lower (U.S.)673,000Detroit
43%
Yucatán827,000Mérida
43%
Jutland1,787,000*Hamburg
43%
Horn of Africa775,000*Asmara
40%
Brittany213,000Rennes
35%
Lower (U.S.)196,000Grand Rapids
25%
Liaodong3,902,000Dalian
25%
Shandong3,991,000Qingdao
23%
Jutland246,000Kiel
20%
Crimea338,000Simferopol
18%
Lower (U.S.)135,000Warren
18%
Brittany64,000Quimper
15%
San Francisco106,000Daly City
15%
San Francisco104,000San Mateo
15%
Baja California296,000Ensenada
10%
Baja California731,000*Mexicali
10%
Shandong1,262,000*Weifang
8%
Crimea145,000Kerch
8%
Yucatán238,000Campeche
8%
Shandong1,798,000Yantai
5%
Liaodong880,000Yingkou
5%
Liaodong776,000Dandong
5%

Score Distribution

Percentile by Number Answered

Percent of People with Each Score

Your Score History

You have not taken this quiz